000 00327nam a22001457a 4500
008 221104b ||||| |||| 00| 0 eng d
020 _a0070399158
041 _aeng
080 _a610.73
082 _a610.73MAN
100 _a8
101 _aINF
245 _aCHILD AND ADOLESECENT DEVELOPMENT
_cMANNING S
942 _2udc
_cBK
999 _c58750
_d58750